|
|
|
|
| LEADER |
00000nab a2200000 a 4500 |
| 001 |
vtls000658515 |
| 003 |
SK-MaSNL |
| 005 |
20260305003253.0 |
| 008 |
250426c1998 xo 0 slo |
| 015 |
|
|
|a SNBRA1998/04-08298
|
| 035 |
|
|
|a CLN000010707
|
| 035 |
|
|
|a (urnnbn)urn:nbn:sk:snk:ar-004vx0
|
| 035 |
|
|
|a (uuid)873eb0c0-3ade-41b3-b93d-f40ed2b30006
|
| 035 |
|
|
|a urn:nbn:sk:snk-ab7y9q
|
| 040 |
|
|
|a SNKBUCL
|b slo
|c SNKBUCL
|e AACR2
|
| 041 |
0 |
|
|a slo
|
| 044 |
|
|
|a xo
|c SK
|
| 080 |
|
|
|a 246.5
|2 1997
|
| 080 |
|
|
|a 235.3
|2 1997
|
| 080 |
|
|
|a 940.1
|2 1997
|
| 080 |
|
|
|a 949.502
|2 1997
|
| 100 |
1 |
|
|a Avenarius, Alexander,
|d 1942-2004
|4 aut
|9 105288
|
| 245 |
1 |
0 |
|a Učenie Jána z Damašku o ikone: k problému stredovekého symbolizmu
|c Alexander Avenarius
|
| 504 |
|
|
|a Res. angl. Bibliogr. odkazy
|
| 600 |
0 |
7 |
|a Ján Damascénsky
|c sv.
|d ?650-?750
|x teória ikonologická
|2 SNK
|9 1580019
|
| 650 |
0 |
7 |
|a ikonografia
|2 SNKPH
|9 26172
|
| 650 |
0 |
7 |
|a symbolizmus
|2 SNKPH
|9 293036
|
| 650 |
0 |
7 |
|a stredovek
|2 SNKPH
|9 4259
|
| 655 |
|
7 |
|a články z novín a časopisov
|2 SNK
|9 267496
|
| 773 |
0 |
|
|t Historický časopis
|g Roč. 46, č. 1 (1998), s. 79-93
|x 0018-2575
|
| 850 |
|
|
|a Slovenská národná knižnica
|
| 852 |
|
|
|a Slovenská národná knižnica
|
| 954 |
|
|
|a odborná, vedecká literatúra pôvodná (slovenská)
|2 lita
|
| 958 |
|
|
|a article9
|
| 958 |
|
|
|a OND
|
| 958 |
|
|
|a GR
|
| 958 |
|
|
|a NB
|
| 958 |
|
|
|a EUIPO
|
| 992 |
|
|
|a RBX
|
| 999 |
|
|
|c 3229549
|d 3231479
|